|
|
|
|
| LEADER |
00000nab a2200000 a 4500 |
| 001 |
vtls008422220 |
| 003 |
SK-MaSNL |
| 005 |
20260305015019.0 |
| 008 |
150305c2005 xo br|p|||a |000 b|slo |
| 015 |
|
|
|a SNBRB2006/1
|
| 038 |
|
|
|a SPK
|
| 040 |
|
|
|a SPKCL
|b slo
|c AACR2
|e AACR2
|
| 041 |
0 |
|
|a slo
|b eng
|
| 044 |
|
|
|a xo
|c SK
|
| 080 |
|
|
|a 32-053.6
|x (437.6)
|2 1997
|
| 080 |
|
|
|a 339.923
|x (4)
|2 1997
|
| 100 |
1 |
|
|a Bánhegyiová, Beata
|4 aut
|9 1593606
|
| 245 |
1 |
0 |
|a Prezentácia Národnej správy o politike mládeže v SR
|c Beata Bánhegyiová
|
| 546 |
|
|
|a Res. angl., slov.
|
| 610 |
2 |
7 |
|a Európska únia
|2 spk
|9 29861
|
| 610 |
2 |
7 |
|a Rada Európy
|2 snkbucl
|9 16012
|
| 650 |
0 |
7 |
|a politika
|z Slovensko
|2 spk
|9 563806
|
| 650 |
0 |
7 |
|a mládež
|2 spk
|9 1575
|
| 773 |
0 |
|
|t Pedagogické rozhľady
|g Roč. 14, č. 3 (2005), s. 14-15
|x 1335-0404
|
| 852 |
|
|
|a SPK
|b KIS3GCP
|
| 856 |
4 |
1 |
|u www.rozhlady.pedagog.sk
|
| 958 |
|
|
|a NB
|2 spk
|
| 999 |
|
|
|c 3272595
|d 3274525
|